| 000 | 00556nam a2200193Ia 4500 | ||
|---|---|---|---|
| 005 | 20250326145128.0 | ||
| 008 | 250326s9999 xx 000 0 und d | ||
| 037 | _aTextbook | ||
| 040 |
_aFMSL _beng _cFMSL |
||
| 041 |
_aeng _2eng |
||
| 084 |
_aX:87 Q0 _qFMSL |
||
| 100 |
_aDotlich D _9750700 |
||
| 245 | 0 |
_a2010 Pfeiffer annual : leadership development _cDotlich D And Others |
|
| 260 |
_aSan Francisco _bSan Francisco, Pfeiffer _c2010 |
||
| 365 | _b4303.134 | ||
| 650 | _aManagement | ||
| 942 |
_cTB _hX:87 Q0 |
||
| 999 |
_c1306478 _d1306478 |
||